000 00470nam a2200181Ia 4500
008 230524s9999 xx 000 0 und d
020 _a9788131502662
082 _a4
_bMOR
100 _aDeborah Morley
245 0 _aUnderstanding Computers : Today And Tomorrow
250 _a11TH
260 _aNEW DELHI
_bCengage (India Edition))
_c2008
300 _aXVI;405
500 _aQuantity Number: 20
650 _aComp-Sc
700 _a Charles S.Parker
942 _cBK
999 _c41377
_d41377